| 000 | 01041nam a22002535a 4500 | ||
|---|---|---|---|
| 003 | OSt | ||
| 005 | 20170207113250.0 | ||
| 008 | 170116s2016 ua frb 000 0 ara d | ||
| 040 |
_aEG-ScBUE _bara _cEG-ScBUE _dEG-ScBUE |
||
| 043 | _af-ua--- | ||
| 082 | 0 | 4 |
_a345.6205 _bح س ن _222 |
| 100 | 1 | _aحسني، محمود نجيب. | |
| 245 | 1 | 0 |
_aشرح قانون الإجراءات الجنائية وفقا لأحدث التعديلات التشريعية / _cتأليف محمود نجيب حسني ؛ تنقيح فوزية عبد الستار. |
| 250 | _aط. 5. | ||
| 260 |
_aالقاهرة : _bدار النهضه العربية، _c2016. |
||
| 300 |
_a2 مج. ؛ _c24 سم. |
||
| 504 | _aيشتمل على إرجاعات ببليوجرافية. | ||
| 650 | 7 |
_aقانون الإجراءات الجنائية _2BUEsh _941140 _zمصر. |
|
| 650 | 7 |
_aالمحاكم الجنائية _2BUEsh _941159 _zمصر. |
|
| 651 | _2BUEsh | ||
| 653 |
_bLLAAWW _cFebruary2017 |
||
| 700 | 1 |
_aعبد الستار، فوزية، _eمنقح. |
|
| 942 | _2ddc | ||
| 999 |
_c24074 _d24046 |
||